Metodología de la investigación / Roberto Hernández Sampieri, Carlos Fernández Collado, María del Pilar Baptista Lucio. (Registro nro. 1655)
[ vista simple ]
| 000 -Cabecera (24) | |
|---|---|
| Campo de control interno | 00626nam a2200205Ia 4500 |
| 008 - Códigos de longitud fija (40p) | |
| Campo de control de longitud fija | 190103s9999||||xx |||||||||||||| ||und|| |
| 020 ## - INTERNATIONAL STANDARD BOOK NUMBER | |
| ISBN | 9781456223960 |
| 040 ## - Origen de la Catalogacion | |
| Origen de la Catalogacion | UNAAT |
| 041 ## - Código de idioma (R) | |
| Código de lengua del texto/banda sonora o título independiente (R) | spa |
| 050 ## - Clasificación LC | |
| Numero Clasificacion | Q 180.55.M4 H43 |
| 100 ## - Autor Personal | |
| Autor Personal | Hernández Sampieri, Roberto. |
| 245 #0 - Titulo | |
| Titulo | Metodología de la investigación / Roberto Hernández Sampieri, Carlos Fernández Collado, María del Pilar Baptista Lucio. |
| 250 ## - Mencion de edicion | |
| Mencion de edicion | 6 ed. |
| 260 ## - Editorial | |
| Ciudad | México, D.F. |
| Nombre de la Editorial | McGraw-Hill Education |
| 260 ## - Editorial | |
| Fecha | 2014 |
| 300 ## - Descripcion | |
| Extension | 600 p. |
| 650 ## - Temas - Descriptores | |
| Temas - Descriptores | CIENCIAS SOCIALES-INVESTIGACIÓN |
| 650 ## - Temas - Descriptores | |
| Temas - Descriptores | METODOLÓGIA |
| 942 ## - Elementos de Koha | |
| Esquema de Clasificacion | |
| Tipo de Documento | Libros |
| Catalogador | GAZ |
| Retirado (estado) | Fuente de Clasificacion | Coleccion | Ubicacion permanente | Ubicacion actual | Fecha de adquisicion | Prestamos | Renovaciones | Signatura Topografica | Codigo de barras | Ultima fecha de verificacion | Ultima fecha de prestamo | Price effective from | Tipo de Item |
|---|---|---|---|---|---|---|---|---|---|---|---|---|---|
| Biblioteca Central UNAAT | Biblioteca Central UNAAT | 2019-01-03 | 28 | 3 | Q 180.55.M4 H43 | 01156 | 2025-12-16 | 2025-11-10 | 2019-01-03 | Libros |